GETS Theological Seminary Library

中國教會三巨人: (Record no. 11603)

MARC details
000 -LEADER
fixed length control field 01576nam a2200289Ia 4500
003 - CONTROL NUMBER IDENTIFIER
control field OSt
005 - DATE AND TIME OF LATEST TRANSACTION
control field 20250423155635.0
008 - FIXED-LENGTH DATA ELEMENTS--GENERAL INFORMATION
fixed length control field 200815s9999||||xx |||||||||||||| ||und||
020 ## - INTERNATIONAL STANDARD BOOK NUMBER
International Standard Book Number 9575566785
020 ## - INTERNATIONAL STANDARD BOOK NUMBER
International Standard Book Number 9789575566784
040 ## - CATALOGING SOURCE
Transcribing agency 0
041 ## - LANGUAGE CODE
Language code of text/sound track or separate title chi
Language code of original eng
050 ## - LIBRARY OF CONGRESS CALL NUMBER
Classification number BR1296
Item number .L92 1984
100 ## - MAIN ENTRY--PERSONAL NAME
Personal name Lyall, Leslie T.
245 #0 - TITLE STATEMENT
Title 中國教會三巨人:
Remainder of title = Three of China's mighty men /
Statement of responsibility, etc. 賴艾爾·賴恩融 (Leslie T. Lyall) 著; 張林滿鎂等譯
246 ## - VARYING FORM OF TITLE
Title proper/short title 中国教会三巨人
260 ## - PUBLICATION, DISTRIBUTION, ETC.
Place of publication, distribution, etc. 台北 :
Name of publisher, distributor, etc. 橄欖基金會,
Date of publication, distribution, etc. 1984
300 ## - PHYSICAL DESCRIPTION
Extent 95 p.
Other physical details ;
Dimensions 21 cm.
500 ## - GENERAL NOTE
General note Translation of: hree of China's mighty men.
505 ## - FORMATTED CONTENTS NOTE
Formatted contents note 一九00年確為中國教會史上可資記念的年代,除「庚子教難」自身重大的意義之外,三位重要的中國教會領袖亦分別出生於這一年的前後--楊紹唐於一八九八年,王明道於一九00年,倪柝聲於一九二0年,各以不同的方式,分別在中國教會史上留下的影響。一九00年確為中國教會史上可資記念的年代,除「庚子教難」自身重大的意義之外,三位重要的中國教會領袖亦分別出生於這一年的前後--楊紹唐於一八九八年,王明道於一九00年,倪柝聲於一九二0年,各以不同的方式,分別在中國教會史上留下的影響。128 Pages.
650 ## - SUBJECT ADDED ENTRY--TOPICAL TERM
Topical term or geographic name entry element Nee, Watchman.
650 ## - SUBJECT ADDED ENTRY--TOPICAL TERM
Topical term or geographic name entry element Wang, Mingdao, -- 1900-1991.
650 ## - SUBJECT ADDED ENTRY--TOPICAL TERM
Topical term or geographic name entry element Yang, Shao-Tang, -- 1900-.
700 ## - ADDED ENTRY--PERSONAL NAME
Personal name 張林滿鎂
700 ## - ADDED ENTRY--PERSONAL NAME
Personal name 賴艾爾·賴恩融
942 ## - ADDED ENTRY ELEMENTS (KOHA)
Source of classification or shelving scheme
Koha item type Chinese Book
Holdings
Withdrawn status Lost status Damaged status Not for loan Home library Current library Shelving location Date acquired Total Checkouts Total Renewals Full call number Barcode Date last seen Date last checked out Price effective from Koha item type
        GETS Theological Seminary Library GETS Theological Seminary Library General Stacks 08/15/2020 1 1 BR1296 .L92 1984 00002458 12/29/2022 04/23/2022 08/15/2020 Chinese Book
OpacCredits

Contact the Librarian, GETS Library
Email: library@mygets.org









Implemented by GETS Library
(Powered by ETCA Professional Group)
GETS Theological Seminary
412 E. Rowland Street, CA 91723